000
00240nam a2200097Ia 4500
001
691383
005
20250826161834.0
008
250824s9999 xx 000 0 und d
245
0
_a
İPEK SABAHLIK
_c
OSMAN BALCIGİL
260
_b
DESTEK YAYINLARI
999
_c
691383
_d
691383